Welcome to the Holygrace Academy Library

Please use search bar below to get started

SUGAM HINDI VYAKARAN (Record no. 4450)

MARC details
000 -LEADER
fixed length control field 00318nam a22001457a 4500
082 ## - DEWEY DECIMAL CLASSIFICATION NUMBER
Classification number 474
Item number DHA/S
100 ## - MAIN ENTRY--AUTHOR NAME
Personal name SHASTHRI,DHARMAPAL
100 ## - MAIN ENTRY--AUTHOR NAME
Personal name VAMSHEEDHAR
245 ## - TITLE STATEMENT
Title SUGAM HINDI VYAKARAN
250 ## - EDITION STATEMENT
Edition statement FIRST
260 ## - PUBLICATION, DISTRIBUTION, ETC. (IMPRINT)
Place of publication DELHI
Name of publisher SHIKSHA BHARATHI
Year of publication 2019
300 ## - PHYSICAL DESCRIPTION
Number of Pages 192
650 ## - SUBJECT ADDED ENTRY--TOPICAL TERM
Topical Term GRAMMAR
Geographic subdivision DELHI
942 ## - ADDED ENTRY ELEMENTS (KOHA)
Koha item type Books
Holdings
Withdrawn status Lost status Collection code Home library Current library Shelving location Date acquired Source of acquisition Full call number Accession Number Koha item type
    Non-fiction Main Library Main Library   10/10/2022 PURCHASE 474 DHA/S 12717 Books